GROWTH OF FARM ANIMALS (Record no. 17115)

MARC details
000 -LEADER
fixed length control field 00461nam a22001817a 4500
003 - CONTROL NUMBER IDENTIFIER
control field OSt
005 - DATE AND TIME OF LATEST TRANSACTION
control field 20211108112242.0
008 - FIXED-LENGTH DATA ELEMENTS--GENERAL INFORMATION
fixed length control field 211108b |||||||| |||| 00| 0 eng d
020 ## - INTERNATIONAL STANDARD BOOK NUMBER
International Standard Book Number 0851988490
040 ## - CATALOGING SOURCE
Transcribing agency HAWASSA UNIVERSITY
050 ## - LIBRARY OF CONGRESS CALL NUMBER
Classification number 636.08926/LAW
Item number 1
082 ## - DEWEY DECIMAL CLASSIFICATION NUMBER
Classification number 636.08926/LAW
Item number 1
100 ## - MAIN ENTRY--PERSONAL NAME
Personal name LAWRENCE T.L.J.
9 (RLIN) 16151
245 ## - TITLE STATEMENT
Title GROWTH OF FARM ANIMALS
260 ## - PUBLICATION, DISTRIBUTION, ETC.
Place of publication, distribution, etc. LONDON
Name of publisher, distributor, etc. CAB INTERNATIONAL
Date of publication, distribution, etc. 1997
300 ## - PHYSICAL DESCRIPTION
Extent xi/330
942 ## - ADDED ENTRY ELEMENTS (KOHA)
Source of classification or shelving scheme Dewey Decimal Classification
Koha item type Books like text book referance book
Suppress in OPAC No
Holdings
Withdrawn status Lost status Source of classification or shelving scheme Damaged status Not for loan Home library Current library Date acquired Total Checkouts Full call number Barcode Date last seen Copy number Price effective from Koha item type
    Dewey Decimal Classification     College of Agriculture Library College of Agriculture Library 11/08/2021   636.08926/LAW ALIB0008405 11/08/2021 1 11/08/2021 Books like text book referance book